000 00318 a2200145 4500
001 177796
020 _a
040 _cMagnum
100 _aCripwell, K.r.
240 1 0 _aThe titanic is sinking
_lING
245 1 0 _aThe titanic is sinking
362 0 _a1899
697 _aMAGNITO: LITERATURA ESTRANGEIR
942 _cBK
999 _c177796
_d177796